[Event "FIN-chT2 Gp3 1819"]
[Site "Finland"]
[Date "2019.01.12"]
[Round "5.3"]
[White "Kumar, Ashwin"]
[Black "Keto Tokoi, Markko"]
[Result "1-0"]
[WhiteElo "1829"]
[BlackElo "1898"]
[PlyCount "83"]
[EventDate "2018.09.15"]
[EventType "team-tourn"]
[EventRounds "6"]
[EventCountry "FIN"]
[SourceTitle "EXT 2020"]
[Source "ChessBase"]
[SourceDate "2019.10.17"]
[SourceVersion "1"]
[SourceVersionDate "2019.10.17"]
[SourceQuality "1"]
[WhiteTeam "Helsinki LauttSK II"]
[BlackTeam "Turku AS"]
[WhiteTeamCountry "FIN"]
[BlackTeamCountry "FIN"]

1. d4 g6 2. e4 d6 3. c4 Bg7 4. Nc3 Nf6 5. Be2 0-0 6. Bg5 Nbd7 7. Qd2 e5 8. d5 Nc5 9. f3 a6 10. b4 Ncd7 11. Nh3 a5 12. b5 Nc5 13. Nf2 Qe8 14. g4 Nfd7 15. 0-0-0 f5 16. exf5 gxf5 17. gxf5 Rxf5 18. Rdg1 Kh8 19. h4 e4 20. Nfxe4 Nxe4 21. Nxe4 Qe5 22. Qc2 Nc5 23. Nxc5 dxc5 24. Re1 Rxg5 25. hxg5 Bf5 26. Bd3 Bxd3 27. Qxd3 Qa1+ 28. Qb1 Qc3+ 29. Qc2 Qa1+ 30. Kd2 Qd4+ 31. Ke2 Re8+ 32. Kf1 Rxe1+ 33. Kxe1 Qa1+ 34. Qd1 Bc3+ 35. Kf2 Bd4+ 36. Kg3 Be5+ 37. f4 Qc3+ 38. Qf3 Bxf4+ 39. Kxf4 Qd2+ 40. Kf5 Kg8 41. Rf1 Qh2 42. Kg4 1-0

[Event "FIN-chT2 Gp2 1718"]
[Site "Finland"]
[Date "2017.10.21"]
[Round "2.2"]
[White "Joentakanen, Kullervo"]
[Black "Kumar, Ashwin"]
[Result "1-0"]
[WhiteElo "2145"]
[BlackElo "1812"]
[PlyCount "143"]
[EventDate "2017.09.16"]
[EventType "team-tourn"]
[EventRounds "7"]
[EventCountry "FIN"]
[SourceTitle "EXT 2020"]
[Source "ChessBase"]
[SourceDate "2019.10.17"]
[SourceVersion "1"]
[SourceVersionDate "2019.10.17"]
[SourceQuality "1"]
[WhiteTeam "Hameenlinna"]
[BlackTeam "Helsinki LauttSK II"]
[WhiteTeamCountry "FIN"]
[BlackTeamCountry "FIN"]

1. d4 Nf6 2. c4 Nc6 3. Nf3 d6 4. d5 Ne5 5. Nxe5 dxe5 6. Nc3 e6 7. Bg5 Bc5 8. e3 0-0 9. Bd3 h6 10. Bh4 Bb4 11. Qb3 Bxc3+ 12. Qxc3 exd5 13. Qxe5 Ng4 14. Qh5 g5 15. Bg3 dxc4 16. Bxc4 Kg7 17. 0-0 Qe7 18. h3 Ne5 19. Bb3 Bf5 20. e4 Bg6 21. Qe2 Nc6 22. Rfe1 Nd4 23. Qc4 Nxb3 24. Qxb3 b6 25. Qc3+ f6 26. e5 f5 27. e6+ Kg8 28. Bxc7 Rac8 29. Rac1 f4 30. Qe5 Rfe8 31. Rc3 Qg7 32. Qxg7+ Kxg7 33. Be5+ Kf8 34. Bd6+ Kg7 35. e7 Rxc3 36. bxc3 Bf7 37. h4 Kf6 38. hxg5+ hxg5 39. a3 Bd5 40. f3 a6 41. Kf2 Bc4 42. g3 fxg3+ 43. Kxg3 Be6 44. Kf2 Bd5 45. Bc7 b5 46. Bd8 Bc6 47. Re3 Bd7 48. Ke2 Bf5 49. Kd2 Kf7 50. Re5 Kf6 51. Rc5 Bd7 52. Rd5 Bc8 53. Ke3 Kg6 54. Rd6+ Kf7 55. Rc6 Bb7 56. Rc7 Bd5 57. Ra7 Rg8 58. Rxa6 Be6 59. Rb6 Bd7 60. Rf6+ Ke8 61. Kd4 g4 62. fxg4 Rxg4+ 63. Ke5 Rg8 64. Kd6 Bg4 65. Ba5 Be2 66. Bb4 Bc4 67. Kc6 Bf7 68. Kxb5 Rg5+ 69. Kb6 Re5 70. a4 Bc4 71. Rf8+ Kd7 72. Rd8+ 1-0

[Event "AUS-ch U12"]
[Site "Mooroolbark"]
[Date "2011.01.20"]
[Round "4"]
[White "Han, Denny"]
[Black "Kumar, Ashwin"]
[Result "1-0"]
[WhiteElo "741"]
[BlackElo "138"]
[PlyCount "79"]
[EventDate "2011.01.19"]
[EventType "swiss"]
[EventRounds "9"]
[EventCountry "AUS"]
[SourceTitle "EXT 2013"]
[Source "ChessBase"]
[SourceDate "2012.11.22"]
[SourceVersion "1"]
[SourceVersionDate "2012.11.22"]
[SourceQuality "1"]

1. e4 e6 2. d4 d5 3. exd5 exd5 4. Nf3 Nf6 5. Bd3 g6 6. 0-0 Bg7 7. Re1+ Be6 8. Ng5 Qd6 9. Qe2 0-0 10. Nxe6 fxe6 11. Qxe6+ Qxe6 12. Rxe6 Re8 13. Rxe8+ Nxe8 14. c3 Nd6 15. Na3 Nc6 16. Be3 Na5 17. b3 b6 18. Nb5 Nxb5 19. Bxb5 c5 20. Re1 Rc8 21. b4 cxd4 22. cxd4 Nc6 23. Rc1 a6 24. Rxc6 Rxc6 25. Bxc6 Bf8 26. Bxd5+ Kg7 27. Bd2 Kh8 28. Bf4 Kg7 29. Bd2 Be7 30. Kf1 Bf6 31. Bc3 Kf8 32. Ke2 Ke7 33. Bb7 a5 34. bxa5 bxa5 35. Bxa5 Bxd4 36. f3 Kd6 37. Be1 Kc5 38. Bf2 Bxf2 39. Kxf2 Kb4 40. Bd5 1-0